Finanzas prácticas para micro, pequeñas y medianas empresas /

Bibliographic Details
Main Author: Maldonado Pedroza, Cristian David (Author)
Format: Electronic eBook
Language:Spanish
Published: Bogotá, Colombia : Institución Universitaria Politécnico Grancolombiano, 2020.
Subjects:
Online Access:Digitalia Hispánica

MARC

LEADER 00000nam a2200000 i 4500
001 DIGPOGRAN0014
003 NyNyDIG
006 m o d
007 cr |||||||||||
008 240421s2020 ck a ob 000 0 spa d
035 |a (OCoLC)1356003885 
040 |a DGITA  |b eng  |e rda  |e pn  |c DGITA 
020 |a 9789585142121  |q digital 
020 |a 9789585142114  |q eBook 
050 1 4 |a HD37.S6 ebook 
100 1 |a Maldonado Pedroza, Cristian David,  |e author. 
245 1 0 |a Finanzas prácticas para micro, pequeñas y medianas empresas /  |c autores, Cristian David Maldonado Pedroza [and 8 others]. 
264 1 |a Bogotá, Colombia :  |b Institución Universitaria Politécnico Grancolombiano,  |c 2020. 
300 |a 1 online resource :  |b illustrations. 
336 |a text  |b txt  |2 rdacontent 
337 |a computer file  |b c  |2 rdamedia 
338 |a online resource  |b cr  |2 rdacarrier 
347 |a text file  |2 rdaft 
347 |b PDF 
504 |a Includes bibliographical references. 
588 0 |a Online resource; title from PDF title page (Digitalia, viewed Abril 21, 2024) 
650 0 |a Finance. 
650 0 |a Industrial management. 
650 0 |a Small business. 
791 2 |a Digitalia (Firm),  |e distributor. 
793 0 |g Digitalia eBook Collection:  |a Politécnico Grancolombiano 
856 4 0 |3 Digitalia Hispánica  |u https://www.digitaliapublishing.com/a/133864/ 
910 |a Premium collection: 2024